Pays par formes de réseaux routiers - Statistiques

Statistiques générales
  • Ce quiz a été pris 42 356 fois
  • Le résultat moyen est 12 sur 19
Réponses sur la Carte
Les réponses sont colorées sur une échelle allant du rouge au vert en fonction du pourcentage des utilisateurs qui les ont devinées à leur premier essai. Vous pouvez retrouver ces pourcentages ci-dessous.
 
Statistiques - réponses
Réponse % Correct
États-Unis
99%
Italie
97%
Australie
95%
Mexique
91%
Chili
85%
Allemagne
84%
Chine
83%
Croatie
79%
Portugal
75%
Égypte
67%
Pays-Bas
60%
Suède
56%
Iran
50%
Pologne
50%
Afrique du Sud
45%
Malaisie
37%
Vatican
36%
République Démocratique du Congo
28%
Singapour
21%
Aucun quiz correspondant
Distribution des résultats
% des personnes avec chaque résultat
Percentile par nombre de réponses
Votre historique - résultats
Vous n’avez pas pris ce quiz